Normal view
MARC view
- Govindaraj M; Kulkarni S B & HNIMR Staff, Donor
Entry Personal Name
001 - CONTROL NUMBER
- control field: 116126
003 - CONTROL NUMBER IDENTIFIER
- control field: OSt
005 - DATE AND TIME OF LATEST TRANSACTION
- control field: 20230125045120.0
008 - FIXED-LENGTH DATA ELEMENTS
- fixed length control field: 230125|| aca||aabn | a|a d
040 ## - CATALOGING SOURCE
- Original cataloging agency: OSt
- Transcribing agency: OSt
100 ## - HEADING--PERSONAL NAME
- Personal name: Govindaraj M; Kulkarni S B & HNIMR Staff, Donor
670 ## - SOURCE DATA FOUND
- Source citation: Work cat.: (OSt)93796: Govindaraj M 116125, Merchant Banking and Financial Services, 2014